Normal view
MARC view
- I.H.Qureshi
Entry Personal Name
001 - CONTROL NUMBER
- control field: 81133
003 - CONTROL NUMBER IDENTIFIER
- control field: NUST
005 - DATE AND TIME OF LATEST TRANSACTION
- control field: 20210802150933.0
008 - FIXED-LENGTH DATA ELEMENTS
- fixed length control field: 210802|| aca||aabn | a|a d
040 ## - CATALOGING SOURCE
- Original cataloging agency: NUST
- Transcribing agency: NUST
100 ## - HEADING--PERSONAL NAME
- Personal name: I.H.Qureshi
670 ## - SOURCE DATA FOUND
- Source citation: Work cat.: (NUST)348969: I.H.Qureshi., A Short History of Pakistan., 1967.
